| 000 -LEADER |
| fixed length control field |
02058 a2200253 4500 |
| 003 - CONTROL NUMBER IDENTIFIER |
| control field |
OSt |
| 005 - DATE AND TIME OF LATEST TRANSACTION |
| control field |
20180116192325.0 |
| 008 - FIXED-LENGTH DATA ELEMENTS--GENERAL INFORMATION |
| fixed length control field |
110810t2003 xxu||||| |||| 00| 0 eng d |
| 020 ## - INTERNATIONAL STANDARD BOOK NUMBER |
| International Standard Book Number |
9040724652 (paperback) |
| 020 ## - INTERNATIONAL STANDARD BOOK NUMBER |
| International Standard Book Number |
9789040724657 (paperback) |
| 040 ## - CATALOGING SOURCE |
| Transcribing agency |
0 |
| 082 04 - DEWEY DECIMAL CLASSIFICATION NUMBER |
| Classification number |
720.47 |
| 100 1# - MAIN ENTRY--PERSONAL NAME |
| Personal name |
Hartog, Johannes Peter Den. |
| 9 (RLIN) |
39 |
| 245 10 - TITLE STATEMENT |
| Title |
Designing indoor climate : |
| Remainder of title |
a thesis on the integration of indoor climate analysis in architectural design / |
| Statement of responsibility, etc. |
Johannes Peter Den Hartog. |
| 260 ## - PUBLICATION, DISTRIBUTION, ETC. |
| Place of publication, distribution, etc. |
[S.l.] : |
| Name of publisher, distributor, etc. |
Delft Univ Pr, |
| Date of publication, distribution, etc. |
2003. |
| 300 ## - PHYSICAL DESCRIPTION |
| Extent |
229 p. ; |
| Dimensions |
24 cm. |
| 520 ## - SUMMARY, ETC. |
| Summary, etc. |
This is a Ph.D. dissertation. In contemporary architecture education, indoor climate and building installations suffer from a lack of popularity. Students of architecture, filled with great expectations and awe for the famous designers of the 20th century, find inspiration in examples such as Le Corbusier's Villa Savoy, Lloyd Wright's falling water or the Rietveld's Schroder house. Recognizable as this may be, great aesthetics constitute only a small part of creating architecture. The process of designing and constructing buildings comprises the involvement of a multitude of skills such as creating clear functional layouts, designing solid structures and taking care healthy indoor climates. Most textbooks and magazines contemporary architecture do not cover the less attractive aspects of the indoor climate such as heating, ventilation and cooling unless these services form an important part of the buildings aesthetic identity. Recent examples regarding the integ! ration of second skin facades and natural ventilation in indoor climate, sometimes fail to convince as a result of the lack of thorough evaluations and detailed information. |
| 650 ## - SUBJECT ADDED ENTRY--TOPICAL TERM |
| Topical term or geographic name entry element |
Architecture and climate |
| 9 (RLIN) |
40 |
| 650 ## - SUBJECT ADDED ENTRY--TOPICAL TERM |
| Topical term or geographic name entry element |
Dwellings |
| General subdivision |
Environmental engineering |
| 9 (RLIN) |
41 |
| 650 ## - SUBJECT ADDED ENTRY--TOPICAL TERM |
| Topical term or geographic name entry element |
Housing and health |
| 9 (RLIN) |
42 |
| 856 40 - ELECTRONIC LOCATION AND ACCESS |
| Materials specified |
Amazon.com |
| Uniform Resource Identifier |
<a href="http://www.amazon.com/exec/obidos/ASIN/9040724652/chopaconline-20">http://www.amazon.com/exec/obidos/ASIN/9040724652/chopaconline-20</a> |
| 942 ## - ADDED ENTRY ELEMENTS (KOHA) |
| Source of classification or shelving scheme |
|
| Koha item type |
Book |